Capitales d'Océanie-Mort Subite-The Times Lefting - Statistiques

Statistiques générales
  • Ce quiz a été pris 55 fois
  • Le résultat moyen est 5 sur 6
Answers on the Grid
Answers color-coded by a green-red scale on the quiz's grid according to % correct below.
Honiara
Yaren
Canberra
Port Moresby
Port-Vila
Majuro
Port-Louis
Perth
Victoria
Sydney
Castries
Auckland
 
Statistiques - réponses
Réponse % Correct
Canberra
90%
Port Moresby
85%
Honiara
80%
Port-Vila
80%
Majuro
70%
Yaren
70%
Aucun quiz correspondant
Distribution des résultats
% des personnes avec chaque résultat
Percentile par nombre de réponses
Votre historique - résultats
Vous n’avez pas pris ce quiz